000 nam a22 7a 4500
999 _c9723
_d9723
008 180206b ||||| |||| 00| 0 eng d
100 _aJaini,C.
_95829
245 _aABC of Computer-6
260 _aNew Delhi
_bRachna
_c2008